Antigua ja Barbuda -visa - Statistics

Yleistilastot
  • Tätä visaa on pelattu 329 kertaa
  • Keskiarvotulos 9 / 17
Vastaustilastot
Vihje Vastaus % Oikein
Virallinen kieli Englanti
96%
Meri, jossa Antigua ja Barbuda sijaitsee Karibianmeri
95%
Ala, joka tuottaa noin puolet BKT:stä Matkailu
77%
Antigua ja Barbudaa 1632–1981 hallinnut valtio Yhdistynyt kuningaskunta
77%
Suosituin urheilulaji Kriketti
66%
Pääkaupunki St. John's
61%
Yllä oleva kuuluu tähän saaristoon Pienet Antillit
54%
Suurin kristitty kirkkokunta Anglikaaninen
52%
Valuutta {Itä-Karibia}n dollari
52%
"Antiguan" merkitys espanjaksi Vanha
46%
"Barbudan" merkitys espanjaksi {Parra}kas
42%
Nimellä Mount Obama vuosina 2009–2016 tunnettu maan korkein kohta {Boggy} Peak
32%
Antigua ja Barbudaa vuosikymmeniä hallineiden Veren ja Lesterin sukunimi Bird
31%
Kansallislintu {Fregatti}lintu
30%
Saariryhmä, johon Antigua ja Barbuda kuuluu {Leeward}saaret
27%
Barbudan suurin kaupunki {Codring}ton
25%
Antiguan ja Barbudan jälkeen suurin saari ja erityishallintoalue Redonda
24%
Ehtoja vastaavia visoja ei löytynyt
Tulosjakauma
Jokaisen tuloksen saaneiden osuus
Persentiili vastausten määrän mukaan
Tuloshistoriasi
Et ole pelannut tätä visaa